00753 2200277 4500001002100000005001700021008004100038020001800079035002400097041000800121043001500129090001700144100003100161245007600192250001100268260002800279300002300307500002700330650002400357700002200381850001200403990001500415990001500430990001500445990001500460YOGYA-0209000003672820090227025150.0 ind  a979-759-045-3 0010-020900000036728 aInd aYOPDYOG(B) a352.4bTan M aTANGKILISAN, Hessel Nogi S aManajemen publikcHessel Nogi S. Tangkilisan ; editor, Yovita Hardiwati aCet. 1 aJakartabGrasindoc2005 axv, 345 hlmc21 cm aBibliografi : hlm. 344 aAdministrasi daerah aHardiwati, Yovita aYOPDYOG a06P0001096 a06P0001095 a06P0001094 a06P0001093